000 00676nam a2200217Ii 4500
003 JO-AjNU
008 230605s9999||||xx |||||||||||||| ||und||
017 _a2008/12
040 _aJO-AjNU
_bara
_erda
_cJO-AjNU
041 _aara
050 1 4 _aPN1729.B37 2009
100 3 _aالبشتاوي،يحيى,
_eauthor
_910904
245 0 0 _aالرؤية الأولى: دراسات في الأدب المسرحي
250 _aط1
264 3 1 _aإربد: المؤلف، 2009
300 _a320ص
336 _atext
_btxt
_2rdacontent
337 _aunmediated
_bn
_2rdamedia
338 _avolume
_bnc
_2rdacarrier
650 4 _aالأدب العربي - مسرح - دراسات
_910905
999 _aA2048
_c5616
_d5616